000 00405nam a22001571a 4500
020 _a9788170282099
082 _aH3
_bRAJ/J
100 _aRajendra Avasthi
_9166278
245 _aJangal ke phool/
_cby Rajendra Avasthi.
260 _aNew Delhi:
_bRajpal,
_c1996.
300 _a207p.
650 _aNovel Hindi
_9166279
650 _aLiterature Hindi
_9166280
650 _aLiterature
_9166281
942 _cBK
999 _c21489
_d21489